000 00462nam a22001217a 4500
999 _c18815
_d18815
008 210219b xxu||||| |||| 00| 0 eng d
050 _aGMB0051
_b.O54 2017 c.1
100 _aOngeri, Job Ondicho
245 _aFactors influencing the success of supplier relationship management strategies of selected retail supermarkets in Nakuru town
_cJob Ondicho Ongeri
260 _aKabarak, Nakuru, Kenya
_bKabarak University
_c2017
300 _a92 leaves
942 _2lcc
_cTHE